[Event "Pardubice op-A"]
[Site "Pardubice"]
[Date "2006.07.22"]
[Round "2"]
[White "Pryyomov, SI."]
[Black "Novotny, Michal"]
[Result "0-1"]
[WhiteElo "2401"]
[BlackElo "2207"]
[PlyCount "108"]
[EventDate "2006.07.21"]
[EventType "swiss"]
[EventRounds "9"]
[EventCountry "CZE"]
[SourceTitle "CBM 113 Extra"]
[Source "ChessBase"]
[SourceDate "2006.09.14"]
[SourceVersion "1"]
[SourceVersionDate "2006.09.14"]
[SourceQuality "1"]

1. e4 c5 2. Nf3 d6 3. d4 cxd4 4. Nxd4 Nf6 5. Nc3 a6 6. Bg5 e6 7. f4 Qc7 8. Qf3 b5 9. 0-0-0 b4 10. Nb1 Nbd7 11. Nd2 Bb7 12. Bd3 Nc5 13. Kb1 d5 14. Bxf6 gxf6 15. Rhe1 dxe4 16. Bxe4 Nxe4 17. Nxe4 0-0-0 18. f5 e5 19. Nb3 Be7 20. Rc1 Kb8 21. Qe3 Rhg8 22. g3 Rg4 23. Nf2 Rc4 24. Nd2 Rcd4 25. Nb3 Rc4 26. Nd2 Rc6 27. Nde4 a5 28. Qh6 Ba6 29. Qxh7 Rc8 30. c3 bxc3 31. Nxc3 Ba3 32. Nfd1 Qd7 33. Qh6 Qxf5+ 34. Ka1 Bb4 35. Qe3 Bb7 36. a3 Bc5 37. Qe4 Qg5 38. Qc2 Bd4 39. Qb1 Ba6 40. Ka2 a4 41. Rc2 Bc4+ 42. Ka1 Bd3 43. Qc1 Bxc2 44. Qxc2 Ra6 45. Qd3 Qc1+ 46. Ka2 Rb6 47. Re2 Qg5 48. Nxa4 Rb7 49. Ndc3 Qg4 50. Ne4 Qe6+ 51. b3 Rc1 52. Nb2 f5 53. Ng5 Qe7 54. Qxf5 Qxa3+ 0-1